[Event "LOTTO POL-ch Men 2019"]
[Site "Warsaw"]
[Date "2019.05.16"]
[Round "6.4"]
[White "Gajewski, Grzegorz"]
[Black "Bartel, Mateusz"]
[Result "1-0"]
[WhiteElo "2613"]
[BlackElo "2598"]
[Annotator "TA"]
[PlyCount "87"]
[EventDate "2019.05.11"]
[EventType "tourn"]
[EventCountry "POL"]
[SourceTitle "playchess.com"]
[Source "ChessBase"]
[SourceQuality "1"]

{[%evp 9,99,14,6,12,25,25,26,29,29,19,31,19,21,28,29,29,22,22,20,0,37,28,40,46,37,26,36,40,71,-157,66,26,33,30,64,63,158,164,143,147,136,141,161,145,206,208,194,141,212,202,232,239,238,230,276,276,281,279,274,278,277,281,279,279,445,422,435,411,393,345,329,320,427,450,659,659,659,659,659,659,659,659,1127,1127,1120,1090,1090,1090,1090,1081,29979,29977]} 1. d4 d5 2. c4 c6 3. Nc3 dxc4 4. e3 b5 5. a4 b4 6. Ne4 {D10: Slav Defence: 3 cxd5 (without early Nf3) and 3 Nc3} Qd5 7. Nd2 c3 8. bxc3 {White has an edge.} bxc3 9. Nb1 Qa5 {Hoping for ...c2+.} 10. Qc2 Na6 11. Qxc3 Nb4 {aiming for ...Nc2+.} (11... Qxc3+ 12. Nxc3 Nb4 13. Rb1 a5 {1-0 (79) Wojtaszek,R (2750)-Bartel,M (2604) Warsaw 2018}) 12. Bd2 e6 13. Nf3 $36 {[%mdl 2048] White has the initiative.} Nf6 14. Bc4 $146 Bd6 15. Qb3 O-O 16. O-O Rb8 17. Rc1 Qh5 18. Na3 Ne4 19. Be1 $2 {[#]} (19. Bxb4 $1 $16 {is forced if you want to stay better. And now Qc2 would win.} Bxb4 20. Qc2) 19... a5 $2 ({Better is} 19... Ng5 $1 $17 {[%cal Rg5f3]} 20. Nxg5 Qxg5) 20. Qd1 Rd8 21. Be2 Qd5 22. Nc4 Bf8 (22... Bc7 $14) 23. Nfe5 $16 Ba6 {[#]} 24. Nxa5 $1 {[%mdl 576] Black must now prevent Bxb4. Decoy} Qxa5 25. Nxc6 {[%mdl 64] Double Attack} Bxe2 26. Qxe2 Nxc6 (26... Qa8 $16 {was necessary.} 27. Nxd8 Rxd8) 27. Bxa5 $18 Nxa5 28. Qc2 Nd6 (28... Nf6 $16) 29. Rab1 Ndc4 30. g3 Rbc8 31. Rb5 Ra8 {intending ...Na3.} 32. Qd3 Rdc8 33. Kg2 Rc6 34. e4 Nb2 35. Qd2 ({Weaker is} 35. Rxb2 Rxc1 36. Rc2 Rxc2 $16) 35... Nbc4 36. Qe2 Ne5 (36... g6 $142 37. d5 exd5 38. exd5 Rcc8) 37. Rxc6 Nexc6 38. Qd3 g6 39. d5 exd5 40. Qxd5 ({Don't do} 40. exd5 Ne5 $18) 40... Ra6 41. e5 Kg7 (41... Ne7 $142) 42. e6 fxe6 43. Qxe6 Ra7 {[#]} 44. Qd5 {Played: Rb5xa5} 1-0

[Event "LOTTO POL-ch Men 2019"]
[Site "Warsaw"]
[Date "2019.05.16"]
[Round "6.5"]
[White "Gumularz, Szymon"]
[Black "Socko, Bartosz"]
[Result "1-0"]
[WhiteElo "2483"]
[BlackElo "2627"]
[Annotator "ChessBase"]
[PlyCount "215"]
[EventDate "2019.05.11"]
[EventType "tourn"]
[EventCountry "POL"]
[SourceTitle "playchess.com"]
[Source "ChessBase"]
[SourceQuality "1"]
[TimeControl "40/5400+30:1800+30"]

1. e4 {[%emt 0:00:00]} e5 {[%emt 0:00:00]} 2. Nf3 {[%emt 0:00:00]} Nf6 {[%emt 0:00:00]} 3. Nxe5 {[%emt 0:00:50]} d6 {[%emt 0:00:00]} 4. Nf3 {[%emt 0:00:07]} Nxe4 {[%emt 0:00:00]} 5. d4 {[%emt 0:01:28]} d5 {[%emt 0:00:05]} 6. Bd3 {[%emt 0:00:06]} Nc6 {[%emt 0:00:23]} 7. O-O {[%emt 0:00:14]} Be7 {[%emt 0:00:05]} 8. Nbd2 {[%emt 0:00:25]} Nxd2 {[%emt 0:01:26]} 9. Bxd2 {[%emt 0:00:13]} Bg4 {[%emt 0:00:47]} 10. c3 {[%emt 0:00:11]} O-O {[%emt 0:02:47]} 11. h3 {[%emt 0:00:34]} Bh5 {[%emt 0:03:44]} 12. g3 {[%emt 0:03:29]} Qd7 {[%emt 0:14:23]} 13. Kg2 {[%emt 0:00:18]} Bg6 {[%emt 0:00:11]} 14. Bxg6 {[%emt 0:04:04]} fxg6 {[%emt 0:02:07]} 15. Qe2 {[%emt 0:06:17]} Rae8 {[%emt 0:03:36]} 16. Rae1 {[%emt 0:07:27]} Bd6 {[%emt 0:04:33]} 17. Qd3 {[%emt 0:05:30]} Qf5 {[%emt 0:00:27]} 18. Qxf5 {[%emt 0:02:35]} gxf5 {[%emt 0:00:19]} 19. g4 {[%emt 0:09:47]} Nd8 {[%emt 0:21:14]} 20. Nh4 {[%emt 0:14:48]} fxg4 {[%emt 0:04:26]} 21. hxg4 {[%emt 0:00:10]} Nf7 {[%emt 0:14:33]} 22. f4 {[%emt 0:21:48]} c6 {[%emt 0:02:50]} 23. f5 {[%emt 0:04:46]} Be7 {[%emt 0:02:25]} 24. Nf3 {[%emt 0:01:26]} Nd6 {[%emt 0:00:06]} 25. Ne5 {[%emt 0:05:57]} Ne4 {[%emt 0:01:37]} 26. Bf4 {[%emt 0:00:30]} Bh4 {[%emt 0:03:07]} 27. Re2 {[%emt 0:00:55]} Bf6 {[%emt 0:00:23]} 28. Rfe1 {[%emt 0:06:02]} a6 {[%emt 0:05:04]} 29. Nd7 {[%emt 0:02:01]} Rf7 {[%emt 0:00:25]} 30. Nc5 {[%emt 0:00:29]} Rfe7 {[%emt 0:06:02]} 31. Nxe4 {[%emt 0:00:40]} Rxe4 {[%emt 0:00:08]} 32. Rxe4 {[%emt 0:00:03]} dxe4 {[%emt 0:00:20]} 33. Be5 {[%emt 0:01:10]} Kf7 {[%emt 0:02:37]} 34. Rxe4 {[%emt 0:00:09]} h5 {[%emt 0:00:06]} 35. gxh5 {[%emt 0:00:58]} Rh8 {[%emt 0:00:01]} 36. Bxf6 {[%emt 0:00:54]} Kxf6 {[%emt 0:00:07]} 37. Re6+ {[%emt 0:00:26]} Kf7 {[%emt 0:02:17]} 38. Rd6 {[%emt 0:00:39]} Ke7 {[%emt 0:00:02]} 39. Rg6 {[%emt 0:00:08]} Kf7 {[%emt 0:00:02]} 40. Rg5 {[%emt 0:00:00]} Kf6 {[%emt 0:00:00]} 41. Rg6+ {[%emt 0:03:10]} Kf7 {[%emt 0:00:32]} 42. Rd6 {[%emt 0:13:22]} Ke7 {[%emt 0:03:53]} 43. Re6+ {[%emt 0:00:27]} Kf7 {[%emt 0:03:34]} 44. d5 {[%emt 0:03:44]} cxd5 {[%emt 0:12:45]} 45. Rb6 {[%emt 0:00:35]} Rxh5 {[%emt 0:00:06]} 46. Rxb7+ {[%emt 0:00:09]} Kf6 {[%emt 0:00:04]} 47. Rb6+ {[%emt 0:00:51]} Kxf5 {[%emt 0:00:07]} 48. Rxa6 {[%emt 0:00:06]} Rh8 {[%emt 0:01:31]} 49. Rb6 {[%emt 0:09:05]} Ra8 {[%emt 0:02:42]} 50. a3 {[%emt 0:00:05]} Ke4 {[%emt 0:00:06]} 51. Rb4+ {[%emt 0:00:32]} Kd3 {[%emt 0:00:54]} 52. Kf3 {[%emt 0:00:10]} Rf8+ {[%emt 0:02:47]} 53. Kg4 {[%emt 0:00:17]} Re8 {[%emt 0:00:14]} 54. Kf5 {[%emt 0:02:13]} Re4 {[%emt 0:00:02]} 55. Rb7 {[%emt 0:01:02]} Kc2 {[%emt 0:01:37]} 56. Rb5 {[%emt 0:00:42]} Re1 {[%emt 0:05:36]} 57. a4 {[%emt 0:00:34]} Rf1+ {[%emt 0:00:33]} 58. Ke5 {[%emt 0:00:42]} g5 {[%emt 0:00:02]} 59. Kxd5 {[%emt 0:01:27]} g4 {[%emt 0:00:08]} 60. Rb4 {[%emt 0:00:43]} Rf5+ {[%emt 0:01:08]} 61. Ke6 {[%emt 0:01:57]} Rg5 {[%emt 0:00:38]} 62. Kf6 {[%emt 0:00:05]} Rg8 {[%emt 0:00:14]} 63. Kf7 {[%emt 0:00:05]} Rg5 {[%emt 0:00:05]} 64. Kf6 {[%emt 0:00:04]} Rg8 {[%emt 0:00:04]} 65. Kf7 {[%emt 0:00:02]} Rg5 {[%emt 0:00:06]} 66. Rb5 {[%emt 0:01:01]} Rxb5 {[%emt 0:00:50]} 67. axb5 {[%emt 0:00:02]} g3 {[%emt 0:00:09]} 68. b6 {[%emt 0:00:02]} g2 {[%emt 0:00:05]} 69. b7 {[%emt 0:00:02]} g1=Q {[%emt 0:00:05]} 70. b8=Q {[%emt 0:00:05]} Qf2+ {[%emt 0:00:30]} 71. Ke6 {[%emt 0:00:12]} Qe2+ {[%emt 0:00:46]} 72. Qe5 {[%emt 0:00:54]} Qc4+ {[%emt 0:01:16]} 73. Qd5 {[%emt 0:00:15]} Qc8+ {[%emt 0:01:00]} 74. Ke5 {[%emt 0:00:34]} Qb8+ {[%emt 0:01:27]} 75. Ke4 {[%emt 0:00:48]} Qe8+ {[%emt 0:00:50]} 76. Kd4 {[%emt 0:00:15]} Qh8+ {[%emt 0:00:36]} 77. Qe5 {[%emt 0:00:05]} Qd8+ {[%emt 0:00:12]} 78. Qd5 {[%emt 0:01:48]} Qf6+ {[%emt 0:01:05]} 79. Kc5 {[%emt 0:00:17]} Kxb2 {[%emt 0:01:53]} 80. c4 {[%emt 0:00:17]} Kc3 {[%emt 0:01:05]} 81. Kb5 {[%emt 0:00:13]} Qf4 {[%emt 0:00:06]} 82. c5 {[%emt 0:00:48]} Qb8+ {[%emt 0:00:02]} 83. Ka6 {[%emt 0:00:12]} Qc8+ {[%emt 0:00:12]} 84. Kb6 {[%emt 0:00:07]} Qb8+ {[%emt 0:00:26]} 85. Qb7 {[%emt 0:00:07]} Qd8+ {[%emt 0:00:05]} 86. Qc7 {[%emt 0:00:13]} Qd4 {[%emt 0:00:16]} 87. Qd6 {[%emt 0:00:45]} Qf2 {[%emt 0:00:37]} 88. Qd5 {[%emt 0:01:04]} Kb4 {[%emt 0:00:33]} 89. Qe4+ {[%emt 0:00:33]} Ka3 {[%emt 0:00:12]} 90. Kb5 {[%emt 0:01:06]} Qf1+ {[%emt 0:02:06]} 91. Qc4 {[%emt 0:00:13]} Qf5 {[%emt 0:01:43]} 92. Kb6 {[%emt 0:00:25]} Qf8 {[%emt 0:00:46]} 93. Qd3+ {[%emt 0:00:21]} Kb4 {[%emt 0:00:22]} 94. Qd4+ {[%emt 0:00:18]} Kb3 {[%emt 0:00:16]} 95. c6 {[%emt 0:01:44]} Qb8+ {[%emt 0:00:05]} 96. Ka6 {[%emt 0:00:11]} Qc8+ {[%emt 0:00:22]} 97. Kb5 {[%emt 0:00:10]} Qe8 {[%emt 0:00:23]} 98. Qd7 {[%emt 0:01:23]} Qe5+ {[%emt 0:00:19]} 99. Ka6 {[%emt 0:00:22]} Qe2+ {[%emt 0:00:32]} 100. Ka7 {[%emt 0:00:13]} Qe3+ {[%emt 0:00:25]} 101. Kb8 {[%emt 0:00:41]} Qf4+ {[%emt 0:00:20]} 102. c7 {[%emt 0:01:11]} Qb4+ {[%emt 0:00:11]} 103. Ka7 {[%emt 0:00:34]} Qa5+ {[%emt 0:02:07]} 104. Kb7 {[%emt 0:00:06]} Qb4+ {[%emt 0:00:03]} 105. Ka6 {[%emt 0:00:07]} Qa3+ {[%emt 0:00:17]} 106. Kb6 {[%emt 0:00:04]} Ka2 {[%emt 0:01:32]} 107. Qd5+ {[%emt 0:00:22]} Ka1 {[%emt 0:00:09]} 108. Qa5 {[%emt 0:00:06]} 1-0

[Event "LOTTO POL-ch Men 2019"]
[Site "Warsaw"]
[Date "2019.05.17"]
[Round "7.1"]
[White "Socko, Bartosz"]
[Black "Piorun, Kacper"]
[Result "1/2-1/2"]
[WhiteElo "2627"]
[BlackElo "2657"]
[Annotator "TA"]
[PlyCount "70"]
[EventDate "2019.05.11"]
[EventType "tourn"]
[EventCountry "POL"]
[SourceTitle "playchess.com"]
[Source "ChessBase"]
[SourceQuality "1"]

{[%evp 19,70,-6,7,0,0,0,0,0,0,0,3,10,6,0,0,0,0,0,0,0,0,0,0,0,0,0,0,0,0,0,0,-4,0,-4,0,-29,-33,-38,-26,-6,-25,-22,-16,-23,-21,-8,0,0,0,-23,0,0,0]} 1. e4 e5 2. Nf3 Nc6 3. Bc4 Bc5 4. c3 Nf6 5. d4 exd4 6. cxd4 Bb4+ 7. Bd2 Nxe4 8. Bxb4 Nxb4 9. Bxf7+ Kxf7 10. Qb3+ d5 11. Ne5+ {C54: Giuoco Piano: 4 c3 Nf6, main lines with 5 d4 and 5 d3} Ke6 {aiming for ...Nc6.} 12. Qxb4 Qf8 13. Qxf8 Rxf8 14. f3 Nf6 (14... Ng5 15. Nc3 c6 16. h4 Nf7 17. Nd3 Kd6 18. Kf2 Nd8 {½-½ (55) Hou,Y (2673)-Aronian,L (2797) Wijk aan Zee 2015}) 15. Nc3 c6 16. O-O Kd6 17. g4 $146 ({Predecessor:} 17. Rfe1 Bd7 18. Re3 Rae8 {0-1 (55) Vucinic,G (2377)-Jovanovic,B (2295) Belgrade 2014}) 17... b6 18. Rfe1 Nd7 19. Kg2 Nxe5 20. Rxe5 Rf4 21. Ne2 Rf7 22. Re1 Bd7 23. Kg3 Raf8 24. f4 g6 25. b4 Ra8 26. Nc3 Raf8 27. Rf1 {[#]} h5 $1 {[%mdl 512]} 28. b5 {[#]} (28. gxh5 gxh5) 28... h4+ $1 {[%mdl 512]} 29. Kxh4 {Hoping for bxc6.} Rxf4 30. Rxf4 Rxf4 $11 {KRB-KRN} 31. Rg5 Rxd4 {...c5 is the strong threat.} 32. Rxg6+ Kc5 33. Rg7 Kd6 {And now ...c5 would win.} 34. Rg6+ Kc5 35. Rg7 Kd6 {Accuracy: White = 82%, Black = 90%.} 1/2-1/2

[Event "LOTTO POL-ch Men 2019"]
[Site "Warsaw"]
[Date "2019.05.17"]
[Round "7.2"]
[White "Bartel, Mateusz"]
[Black "Gumularz, Szymon"]
[Result "1-0"]
[WhiteElo "2598"]
[BlackElo "2483"]
[Annotator "TA"]
[PlyCount "55"]
[EventDate "2019.05.11"]
[EventType "tourn"]
[EventCountry "POL"]
[SourceTitle "playchess.com"]
[Source "ChessBase"]
[SourceQuality "1"]

{[%evp 9,55,13,12,0,17,10,25,-42,-20,-27,-27,-38,-13,-47,-42,-110,-122,-116,-126,-118,-115,-146,-138,-136,-133,-121,-140,-148,-107,-103,-68,-77,-43,-39,-48,-42,-40,-47,0,0,45,52,371,359,501,510,507,469]} 1. e4 c6 2. d4 d5 3. e5 Bf5 4. Nf3 e6 5. c3 c5 6. Qb3 {B12: Caro-Kann: Advance Variation} (6. Be3 cxd4 7. Nxd4 Ne7 8. Nd2 Nbc6 9. f4 Nxd4 10. cxd4 Nc6 11. Be2 Qb6 12. g4 Bg6 13. O-O h6 14. f5 {1-0 (42) Kharlov,A (2656)-Galliamova,A (2547) Kazan 2001}) 6... Qb6 7. Na3 $146 ({Predecessor:} 7. Qxb6 axb6 8. Na3 Ne7 9. Nb5 Kd7 10. Nd6 Kc7 11. Nxf7 Rg8 12. Nd6 h6 13. Be3 c4 {1-0 (22) Hakuc,W-Sadler,C IECC email 2000}) 7... Nc6 8. dxc5 (8. Qxb6 $11 axb6 9. Nb5) 8... Bxc5 $15 9. Qxb6 Bxb6 10. Nb5 $1 Bg4 11. a4 Kd7 12. Nd6 ({White should play} 12. Nfd4 $15) 12... Bxf3 $1 $17 13. gxf3 Nxe5 14. Nxb7 a5 15. b4 axb4 ({Don't do} 15... Nxf3+ 16. Ke2 $17) 16. cxb4 Nxf3+ 17. Kd1 Nf6 18. Ra3 Ne5 {White must now prevent ...Nfg4.} 19. Bb5+ Kc7 20. Na5 Ne4 ({And not} 20... Bxf2 21. Bf4 $16) 21. Bf4 f6 22. Ke2 $1 Bxa5 ({Not} 22... Bxf2 23. Rc1+ Kb8 24. Rf3 $16) 23. bxa5 Rxa5 24. Rc1+ $1 Kb7 25. Rb3 {aiming for Be8+.} Nd6 $2 {[%mdl 8192]} (25... Ka8 $14) 26. Bd7+ $1 $18 {[%mdl 64] Discovered Attack} Ka8 {[#]} 27. Bxe5 $1 fxe5 {[#]} 28. Rc7 $1 {Accuracy: White = 53%, Black = 65%.} 1-0

[Event "LOTTO POL-ch Men 2019"]
[Site "Warsaw"]
[Date "2019.05.17"]
[Round "7.3"]
[White "Janik, Igor"]
[Black "Gajewski, Grzegorz"]
[Result "1/2-1/2"]
[WhiteElo "2469"]
[BlackElo "2613"]
[Annotator "TA"]
[PlyCount "121"]
[EventDate "2019.05.11"]
[EventType "tourn"]
[EventCountry "POL"]
[SourceTitle "playchess.com"]
[Source "ChessBase"]
[SourceQuality "1"]

{[%evp 9,121,7,11,10,20,13,31,27,24,22,29,35,12,-8,43,14,23,23,27,10,11,-13,8,7,12,18,24,-9,14,-16,37,-3,25,16,50,39,46,27,66,29,36,0,0,0,26,35,25,0,17,0,16,12,60,0,0,0,0,0,255,265,287,258,279,232,604,602,587,520,476,267,267,256,303,323,314,273,313,210,272,122,133,136,135,129,254,295,271,127,340,333,455,452,452,437,400,368,192,0,0,0,0,0,0,0,0,0,0,0,0,0,0,0,0,0]} 1. d4 Nf6 2. c4 e6 3. Nf3 d5 4. g3 Bb4+ 5. Nbd2 a5 6. Bg2 {E01: Catalan: Early deviations} O-O 7. O-O a4 8. Qc2 {White is slightly better.} Nc6 9. a3 Be7 10. Rd1 Bd7 11. e4 h6 $146 (11... dxe4 $11 12. Nxe4 Nxe4 13. Qxe4 Na5) ({Predecessor:} 11... Qc8 12. e5 Ne8 13. Nf1 dxc4 14. Bg5 {0-1 (28) Wells,P (2428)-Short,N (2675) Bunratty 2017}) 12. e5 Nh7 13. cxd5 exd5 14. b4 axb3 $1 15. Qxb3 Nb4 16. Qc3 Ba4 17. Rf1 Nc6 18. h4 Na5 19. Nh2 c6 ({Black should play} 19... Re8 $11) 20. f4 f5 21. Re1 b5 22. Nhf1 h5 23. Ne3 Qb6 24. Rb1 g6 25. Ndf1 Qd8 26. Bh3 Qd7 27. Qd3 Nc4 28. Re2 Qe6 29. Ra2 Rad8 30. Bd2 c5 31. Bc3 (31. Nd1 $14) 31... Nxa3 $11 {aiming for ...c4.} 32. Rba1 $1 b4 33. dxc5 d4 $2 {[%mdl 8192]} (33... Bb5 $11 {and Black stays safe.} 34. Qd4 bxc3 35. Rxa3 Nf6) 34. Bxb4 $18 dxe3 35. Qxa3 Bb3 36. Re2 ({But not} 36. Nxe3 $6 Rd3 $18) 36... Ra8 $2 (36... Bc4) 37. Qxa8 Rxa8 38. Rxa8+ Nf8 {White must now prevent ...Qc4.} 39. Rxe3 (39. Nxe3 $142 Bd5 40. Ra7) 39... Bd5 40. Rb8 Bc6 {Threatening ...Qd5.} 41. Bg2 $1 Bxg2 42. Kxg2 Kf7 43. Kf2 Qa2+ 44. Re2 (44. Nd2 $18 {and White stays clearly on top.}) 44... Qa7 $16 45. Rb6 Ne6 46. Ne3 Bxc5 (46... Nxc5 $16 {is a better defense.} 47. Bxc5 Bxc5) 47. Bxc5 $18 Nxc5 48. Nd5 (48. Rc6 $1 $18 {and the rest is easy.}) 48... Ne4+ $2 {[#]} (48... Kg7 $16 {was called for.}) 49. Rxe4 $1 {Threatening mate with e6+.} fxe4 {[%mdl 4096] Endgame [#] KQ-KRN} 50. e6+ $1 (50. Ke3 Qa3+ 51. Kxe4 Qa4+ 52. Ke3 Qa3+ 53. Ke4 Qa4+ 54. Kd3 Qa3+ 55. Kd4 Qa1+ 56. Kc5 Qa3+ 57. Kd4 Qa4+ 58. Ke3 Qa3+ 59. Kd4 $16) 50... Kg7 {Threatens to win with ...Qa2+.} 51. Ke3 Qa4 52. Rb7+ Kh6 53. Rb4 $2 (53. e7 $18 Qc4 54. Nb4 (54. e8=Q Qd3+ 55. Kf2 Qd2+ 56. Kg1 Qe1+ 57. Kh2 Qe2+ 58. Kh3 Qg4+ 59. Kh2 Qe2+ 60. Kh1 Qf1+ 61. Kh2 Qe2+ $11)) 53... Qc6 $11 {The position is equal.} 54. e7 Qxd5 55. Rxe4 {KQ-KR} Qc5+ 56. Kf3 Qa3+ 57. Kf2 Qa2+ 58. Re2 Qa7+ 59. Kf1 Qa1+ 60. Re1 Qa8 {And now ...Qf3+ would win.} 61. e8=Q {Accuracy: White = 48%, Black = 42%.} 1/2-1/2

[Event "LOTTO POL-ch Men 2019"]
[Site "Warsaw"]
[Date "2019.05.17"]
[Round "7.4"]
[White "Tomczak, Jacek"]
[Black "Dragun, Kamil"]
[Result "1/2-1/2"]
[WhiteElo "2631"]
[BlackElo "2591"]
[Annotator "TA"]
[PlyCount "59"]
[EventDate "2019.05.11"]
[EventType "tourn"]
[EventCountry "POL"]
[SourceTitle "playchess.com"]
[Source "ChessBase"]
[SourceQuality "1"]

{[%evp 15,59,2,15,13,16,0,16,0,0,0,6,0,11,0,0,0,31,10,22,0,0,0,3,-2,0,0,0,-17,-13,-13,-13,-13,-13,-12,-12,-11,-12,-34,-17,-35,0,-37,0,-35,0,-39]} 1. e4 c6 2. Nc3 d5 3. Nf3 dxe4 4. Nxe4 Nf6 5. Nxf6+ exf6 6. d4 Bd6 7. Bd3 O-O 8. O-O Re8 9. c3 {B15: Caro-Kann: 3 Nc3: 3...g6 and 3...dxe4 4 Nxe4 Nf6 5 Nxf6+ exf6} (9. Nh4 g6 10. Bh6 c5 11. dxc5 Bxc5 12. Re1 Be6 13. Be3 Bxe3 14. Rxe3 Nc6 15. Be4 Ne5 16. Qxd8 Raxd8 {½-½ (59) Antipov,M (2580)-Yu,Y (2738) Caleta 2017}) 9... Nd7 {[%cal Bb8d7,Bd7f8,Bf8e6][%mdl 32]} 10. Qc2 Nf8 11. Bf5 Qa5 $146 ({Predecessor:} 11... Bxf5 12. Qxf5 Re2 13. Qd3 Re7 14. b4 Qd7 15. a4 a6 16. Be3 Ng6 {½-½ (27) Ucekajova,V (1883)-Machovcakova,E (1596) Liptovsky Mikulas 2019}) 12. Bxc8 Raxc8 13. Bd2 Ne6 14. Rfe1 Qh5 15. h3 g5 16. Qb3 b6 17. d5 cxd5 18. Qxd5 Red8 {[#] Hoping for ...Bh2+!} 19. Qf5 Qg6 20. Qxg6+ hxg6 21. Be3 Bc5 22. Bxc5 Rxc5 23. Rad1 {[#] Strongly threatening Rxd8+.} Rcd5 24. Rxd5 Rxd5 $11 {[%mdl 4096] Endgame KRN-KRN} 25. g3 Kg7 26. Re2 Rd1+ 27. Re1 Rd5 28. Re2 Rd1+ 29. Re1 Rd5 30. Re2 {Accuracy: White = 55%, Black = 45%.} 1/2-1/2

[Event "LOTTO POL-ch Men 2019"]
[Site "Warsaw"]
[Date "2019.05.17"]
[Round "7.5"]
[White "Heberla, Bartlomiej"]
[Black "Sadzikowski, Daniel"]
[Result "1-0"]
[WhiteElo "2556"]
[BlackElo "2522"]
[Annotator "TA"]
[PlyCount "99"]
[EventDate "2019.05.11"]
[EventType "tourn"]
[EventCountry "POL"]
[SourceTitle "playchess.com"]
[Source "ChessBase"]
[SourceQuality "1"]

{[%evp 12,99,0,0,0,0,0,-21,-18,-31,-20,-48,-48,-37,-53,-44,-15,-31,-19,0,0,-13,0,-4,15,0,0,0,66,45,62,39,58,72,107,0,0,-54,0,0,0,0,0,0,0,0,0,-54,-39,-45,-32,-112,-110,-109,-47,-29,0,0,0,0,0,0,123,103,221,197,216,216,284,293,378,382,387,380,616,577,999,967,2228,1968,1574,531,514,518,453,504,1224,1224,1224,785]} 1. e4 e6 2. d4 d5 3. e5 c5 4. c3 Nc6 5. Nf3 Qb6 6. Na3 cxd4 7. cxd4 Bb4+ {C02: French: Advance Variation} 8. Bd2 Nge7 ({Don't go for} 8... Nxd4 $2 9. Nxd4 Bxd2+ 10. Qxd2 $18) 9. Nc2 Bxd2+ {The position is equal.} 10. Qxd2 Qxb2 11. Bd3 Qb6 12. O-O h6 13. Rab1 (13. Qf4 Bd7 14. Rab1 Qc7 15. Ne3 {0-1 (32) Predke,A (2622)-Vitiugov,N (2719) St Petersburg 2018}) 13... Qc7 14. Ne3 $146 {[%cal Bc2e3,Be3f1,Bf1g3][%mdl 32]} ({Predecessor:} 14. Rfc1 Bd7 15. h4 {0-1 (35) Bergstrom,R (2216)-Sjodahl,P (2410) Stockholm 2018}) 14... Bd7 15. Rfc1 Rc8 16. Rb3 Qb8 17. h4 Nd8 18. Rcb1 Qc7 19. Nf1 Nec6 (19... a6 $11) 20. Rc1 {[%mdl 1024] White has compensation.} Qa5 {White should prevent ...Qxd2.} 21. Rcc3 a6 22. Ng3 g6 23. Qf4 (23. Ne2 $16) 23... Ne7 $1 $11 24. Qf6 (24. Rxc8 $11 Bxc8 25. a3) 24... Rf8 (24... Rg8 $1 $15 25. Rxc8 Nxc8) 25. Rxc8 Bxc8 26. Bb1 Bd7 27. h5 {[%cal Rh5g6]} Ba4 28. Re3 {[%cal Rh5g6]} Qb4 29. Bd3 (29. Re1 $11) 29... Bb5 $1 $15 {[%cal Rb5d3]} 30. Bxb5+ Qxb5 31. Rc3 ({White should play} 31. hxg6 $15 fxg6 32. Qg7) 31... Qb1+ $17 {[%mdl 64] Double Attack} 32. Kh2 {Threatening Rc7.} Nec6 (32... Ndc6 $17 33. hxg6 Qxg6) 33. Qg7 $15 Qb2 34. Rd3 $1 Qb1 35. Rd2 Ne7 36. Qxh6 Nf5 {[#]} (36... Ndc6 $11 {keeps the balance.}) 37. Qh7 $1 $16 Nxg3 (37... b6 $16) 38. fxg3 $18 {Threatens to win with h6.} ({And not} 38. Kxg3 Qf5 $11) 38... Nc6 39. h6 Ne7 {[#]} 40. g4 $1 Qe4 41. Kg3 b5 42. Rd1 Qc2 $2 (42... f5 43. exf6 Rxf6 44. Qh8+ Rf8) 43. Rh1 {White is clearly winning.} f5 {Strongly threatening ...fxg4.} 44. exf6 $1 {[%csl Gf6][%cal Rh7e7]} Qc7+ 45. Kh3 {White wants to mate with Rc1!} Rxf6 46. Qg7 (46. Ne5 $142 {And now Qg7 would win.} Qc3+ 47. g3) 46... Rf7 47. Qe5 Qxe5 48. Nxe5 ({Not} 48. dxe5 Rh7 $18) 48... g5 (48... Rh7 $142 49. g5 Nf5) 49. Nxf7 Kxf7 50. Rc1 {Accuracy: White = 68%, Black = 45%.} 1-0